US Senators for Washington - Statistics

General Stats
  • This quiz has been taken 5 times
  • The average score is 12 of 23
Answer Stats
Hint Answer % Correct
2001-Present Maria Cantwell
100%
1993-Present Patty Murray
100%
1953-1983 Henry M. Jackson
75%
1944-1981 Warren Magnuson
75%
1899-1905 Addison G. Foster
50%
1987-1993 Brock Adams
50%
1923-1935 Clarence Dill
50%
1983-1989 Daniel J. Evans
50%
1932-1933 Elijah S. Grammer
50%
1897-1903 George Turner
50%
1946-1953 Harry P. Cain
50%
1933-1944 Homer Bone
50%
1945-1946 Hugh Mitchell
50%
1895-1899 John L. Wilson
50%
1903-1909 Levi Ankeny
50%
1935-1940 Lewis B. Schwellenbach
50%
1911-1923 Miles Poindexter
50%
1940-1945 Monrad Wallgren
50%
1905-1911 Samuel H. Piles
50%
1981-1987, 1989-2001 Slade Gorton
50%
1909-1932 Wesley L. Jones
50%
1889-1893 John B. Allen
25%
1889-1897 Watson G. Squire
0%
No matching quizzes found
Score Distribution
Percent of People with Each Score
Percentile by Number Answered
Your Score History
You have not taken this quiz